Blasons des villes de France #5 - Statistiques

Statistiques générales
  • Ce quiz a été pris 10 fois
  • Le résultat moyen est 3 sur 20
Statistiques - réponses
Par images Réponse % Correct
Lorient
56%
Grenoble
44%
Saint-Étienne
33%
Avignon
22%
Colmar
22%
Dunkerque
22%
Annecy
11%
Besançon
11%
Cergy
11%
Clichy
11%
Fort-de-France
11%
Mamoudzou
11%
Mérignac
11%
Montauban
11%
Neuilly-sur-Seine
11%
Nouméa
11%
Pantin
11%
Saint-Paul
11%
Clamart
0%
Le Tampon
0%
Aucun quiz correspondant
Distribution des résultats
% des personnes avec chaque résultat
Percentile par nombre de réponses
Votre historique - résultats
Vous n’avez pas pris ce quiz